<?xml version="1.0" encoding="UTF-8"?>
<marc:record xmlns:marc="http://www.loc.gov/MARC21/slim">
   <marc:leader>00000nam a2200000 a 4500</marc:leader>
   <marc:datafield ind1="1" ind2=" " tag="100">
      <marc:subfield code="a">Manning, Kirsty</marc:subfield>
      <marc:subfield code="4">aut</marc:subfield>
      <marc:subfield code="e">Verfasser/-in</marc:subfield>
   </marc:datafield>
   <marc:datafield ind1="1" ind2=" " tag="100">
      <marc:subfield code="a">Rebernik-Heidegger, Sonja</marc:subfield>
   </marc:datafield>
   <marc:datafield ind1=" " ind2=" " tag="653">
      <marc:subfield code="a">Hochzeit</marc:subfield>
   </marc:datafield>
   <marc:datafield ind1=" " ind2=" " tag="653">
      <marc:subfield code="a">Liebe</marc:subfield>
   </marc:datafield>
   <marc:datafield ind1="0" ind2="0" tag="245">
      <marc:subfield code="a">Der Garten der Düfte</marc:subfield>
   </marc:datafield>
   <marc:datafield ind1="0" ind2="0" tag="245">
      <marc:subfield code="b">Roman</marc:subfield>
   </marc:datafield>
   <marc:datafield ind1="0" ind2="0" tag="245">
      <marc:subfield code="c">Kirsty Manning ; aus dem australischen Englisch von Sonja Rebernik-Heidegger</marc:subfield>
   </marc:datafield>
   <marc:datafield ind1=" " ind2="1" tag="264">
      <marc:subfield code="a">München</marc:subfield>
      <marc:subfield code="b">Knaur Taschenbuch</marc:subfield>
      <marc:subfield code="c">2018</marc:subfield>
   </marc:datafield>
   <marc:datafield ind1=" " ind2=" " tag="250">
      <marc:subfield code="a">Deutsche Erstausgabe</marc:subfield>
   </marc:datafield>
   <marc:datafield ind1="1" ind2=" " tag="520">
      <marc:subfield code="a">Ein Wohlfühl-Roman für alle Sinne über zwei Frauen, zwei Leben und die Liebe zum Kochen: Lassen Sie sich von Kirsty Manning und ihrer charmanten Heldin Pip Arnet auf eine unvergessliche kulinarische Reise in den "Garten der Düfte" entführen. &lt;br/&gt;&lt;br/&gt;Die Meeresbiologin Pip liebt ihre Heimat Tasmanien, den Duft nach Meer und Eukalyptus, die Weinberge und die regionalen Köstlichkeiten. Und doch zieht es sie in die Ferne. Von Wissensdurst getrieben heuert die Hobbyköchin bei einem spanischen Spitzengastronom an. Im Gepäck hat Pip wenig mehr als ihre Leidenschaft für vorzügliches Essen und das mittelalterliche Rezepte-Büchlein einer gewissen Artemisia, das sie in einem alten Kupfertopf entdeckt hat. Wer war die geheimnisvolle Frau, die mit großem Einfallsreichtum solch köstliche Rezepte niedergeschrieben hat? Und was ist aus Artemisias Liebe zu ihrem italienischen Gewürzhändler geworden? &lt;br/&gt;Von den windumtosten Stränden Tasmaniens führt Pips Reise ins Baskenland, auf ein Weingut in der Toskana und in die Brasserien von Paris, bis sie in dem verwunschenen Garten eines französischen Klosters auf die Spur von Artemisa trifft ... [Verlagstext]</marc:subfield>
   </marc:datafield>
   <marc:datafield ind1=" " ind2=" " tag="020">
      <marc:subfield code="a">9783426521533</marc:subfield>
      <marc:subfield code="9">9783426521533</marc:subfield>
   </marc:datafield>
   <marc:datafield ind1=" " ind2=" " tag="041">
      <marc:subfield code="a">ger</marc:subfield>
   </marc:datafield>
   <marc:datafield ind1=" " ind2=" " tag="300">
      <marc:subfield code="a">475 Seiten</marc:subfield>
   </marc:datafield>
</marc:record>
